| 000 | 00634nam a2200229 4500 | ||
|---|---|---|---|
| 003 | LK-CoMWRAF | ||
| 005 | 20231024121722.0 | ||
| 008 | 230830b1995 |||||||| |||| 00| 0 eng d | ||
| 020 | _a0395694582 | ||
| 040 |
_aLK-CoMWRAF _dLK-CoMWRAF _eLK-CoMWRAF |
||
| 041 | _aeng | ||
| 082 |
_a305.23 _bMAC |
||
| 100 | _aMcLoone, Margo. | ||
| 245 | _aThe information please girls' almanac | ||
| 260 |
_aBoston: _b Houghton Mifflin, _c1995 |
||
| 650 | _aTEENAGE GIRLS-Life skills guides | ||
| 650 | _aTeenage girls--Psychology. | ||
| 650 | _aSocialization. | ||
| 650 | _aAdolescent psychology. | ||
| 700 | _aSiegel, Alice. | ||
| 942 | _cBK | ||
| 999 |
_c3309 _d3309 |
||